000 00647nam a2200181Ia 4500
008 100920s9999 xx 000 0 und d
082 _b10380
_a891.43 थ 56
100 _aअग्रवाल राम नारायण.
245 _aरास-लीला: एक परिचय.
260 _bभारतीय विश्व प्रकाशन, दिल्ली.
_c1956
300 _a80
_bसाधी
365 _b2.5
520 _aहिंदी.
630 _aरास-लीला: एक परिचय.
650 _aहिंदी.
730 _aरास-लीला: एक परिचय.
942 _cBOOK
999 _c676820
_d676817